|
|
|
|
| LEADER |
01512cam a2200373 a 4500 |
| 001 |
12402904 |
| 005 |
20130211112025.0 |
| 008 |
010307s2001 ii a b 000 0 eng |
| 010 |
|
|
|a 00440670
|
| 020 |
|
|
|a 0195649745
|
| 025 |
|
|
|a I-E-00-440670; 71-13; 70-13
|
| 035 |
|
|
|a (DLC) 00440670
|
| 037 |
|
|
|b Library of Congress -- New Delhi Field Office
|c Rs495.00
|
| 040 |
|
|
|a DLC
|c DLC
|d DLC
|
| 042 |
|
|
|a lcode
|
| 043 |
|
|
|a a-ii---
|
| 050 |
0 |
0 |
|a HQ1742.5.S67
|b A6 2001
|
| 999 |
|
|
|c 13178
|d 13178
|
| 999 |
|
|
|c 0
|
| 100 |
1 |
|
|a Sorabji, Cornelia.
|
| 245 |
1 |
0 |
|a India calling :
|b the memories of Cornelia Sorabji, India's first woman barrister /
|c by Cornelia Sorabji ; edited by Chandani Lokugé.
|
| 260 |
|
|
|a New Delhi ;
|a New York :
|b Oxford University Press,
|c 2001.
|
| 300 |
|
|
|a xxxvi, 262 p. :
|b ill. ;
|c 22 cm.
|
| 504 |
|
|
|a Includes bibliographical references.
|
| 600 |
1 |
0 |
|a Sorabji, Cornelia.
|
| 650 |
|
0 |
|a Women social reformers
|z India
|v Biography.
|
| 650 |
|
0 |
|a Women lawyers
|z India
|v Biography.
|
| 700 |
1 |
|
|a Lokugé, Chandani.
|
| 856 |
4 |
2 |
|3 Publisher description
|u http://www.loc.gov/catdir/enhancements/fy0608/00440670-d.html
|
| 906 |
|
|
|a 7
|b cbc
|c origode
|d 3
|e ncip
|f 20
|g y-gencatlg
|
| 942 |
|
|
|2 ddc
|c BK
|
| 955 |
|
|
|a vps;07/03/01;jk;wd29
|
| 952 |
|
|
|0 0
|1 4
|2 ddc
|4 0
|7 0
|9 21944
|a BRACUL
|b BRACUL
|d 2013-02-11
|l 0
|p 4060026374
|r 2013-02-11
|w 2013-02-11
|y AV
|x Koha Inventory 2020
|
| 952 |
|
|
|0 0
|1 4
|2 ddc
|4 0
|7 0
|9 21945
|a BRACUL
|b BRACUL
|d 2013-02-11
|l 0
|p 4060026375
|r 2013-02-11
|w 2013-02-11
|y AV
|x Koha Inventory 2020
|